[Event "Uni De Paula Santander op 3rd"]
[Site "Ocana"]
[Date "2017.10.01"]
[Round "7"]
[White "Rojas Mendoza, Joun Sun"]
[Black "Afanador Duran, Elias"]
[Result "1-0"]
[WhiteElo "1450"]
[BlackElo "1807"]
[PlyCount "63"]
[EventDate "2017.09.29"]
[EventType "swiss"]
[EventRounds "7"]
[EventCountry "COL"]
[SourceTitle "CBM 181 Extra"]
[Source "ChessBase"]
[SourceDate "2017.12.12"]
[SourceVersion "1"]
[SourceVersionDate "2017.12.12"]
[SourceQuality "1"]

1. d4 d5 2. Bf4 Nf6 3. e3 c6 4. c4 e6 5. a3 Bd6 6. Bg3 a6 7. c5 Bc7 8. Nc3 0-0 9. Bd3 Nbd7 10. f4 Re8 11. Nf3 b6 12. Ne5 Bb7 13. b4 Nf8 14. Bh4 Ng6 15. Bg5 Qc8 16. h4 Ne4 17. Nxe4 dxe4 18. Bxe4 f6 19. Nxg6 f5 20. Ne7+ Rxe7 21. Bxe7 Qe8 22. cxb6 Qxe7 23. bxc7 fxe4 24. Qc2 Qxc7 25. Qxe4 Qc8 26. Qc2 Qd8 27. Qf2 a5 28. 0-0 a4 29. f5 Ba6 30. fxe6 Bxf1 31. Qf7+ Kh8 32. Rxf1 1-0

[Event "Uni De Paula Santander op 3rd"]
[Site "Ocana"]
[Date "2017.09.30"]
[Round "4"]
[White "Afanador Duran, Elias"]
[Black "Ojeda, Jesus David"]
[Result "0-1"]
[WhiteElo "1807"]
[BlackElo "2100"]
[PlyCount "38"]
[EventDate "2017.09.29"]
[EventType "swiss"]
[EventRounds "7"]
[EventCountry "COL"]
[SourceTitle "CBM 181 Extra"]
[Source "ChessBase"]
[SourceDate "2017.12.12"]
[SourceVersion "1"]
[SourceVersionDate "2017.12.12"]
[SourceQuality "1"]

1. f4 b5 2. d4 Bb7 3. e3 Nf6 4. Nf3 a6 5. c4 bxc4 6. Bxc4 e6 7. 0-0 c5 8. Nc3 d5 9. Be2 Bd6 10. Ne5 0-0 11. Bd2 Nc6 12. b3 Rc8 13. Bf3 cxd4 14. Nxc6 Rxc6 15. exd4 Qc7 16. Na4 Bxf4 17. Bxf4 Qxf4 18. Bxd5 Qe3+ 19. Kh1 Nxd5 0-1

[Event "Uni De Paula Santander op 2nd"]
[Site "Ocana"]
[Date "2016.09.25"]
[Round "7"]
[White "Velasquez Cristancho, Juan Pablo"]
[Black "Afanador Duran, Elias"]
[Result "0-1"]
[WhiteElo "1666"]
[BlackElo "1745"]
[PlyCount "52"]
[EventDate "2016.09.23"]
[EventType "swiss"]
[EventRounds "7"]
[EventCountry "COL"]
[SourceTitle "EXT 2018"]
[Source "ChessBase"]
[SourceDate "2017.10.13"]
[SourceVersion "1"]
[SourceVersionDate "2017.10.13"]
[SourceQuality "1"]

1. e4 c5 2. Nf3 d6 3. d4 cxd4 4. Nxd4 a6 5. Bc4 e6 6. Nc3 Nf6 7. Bb3 Be7 8. Be3 b5 9. a3 0-0 10. 0-0 Bb7 11. f3 Nbd7 12. Bxe6 fxe6 13. Nxe6 Qc8 14. Nxf8 Bxf8 15. Qd2 Ne5 16. b3 Qc6 17. Rac1 Rc8 18. Bd4 h6 19. Rfd1 Be7 20. Ne2 Nh7 21. Ng3 Ng5 22. f4 Ngf3+ 23. gxf3 Nxf3+ 24. Kf2 Nxd2 25. Rxd2 Bh4 26. Re2 Rf8 0-1

[Event "Uni De Paula Santander op 2nd"]
[Site "Ocana"]
[Date "2016.09.24"]
[Round "4"]
[White "Afanador Duran, Elias"]
[Black "Velez Rueda, Juan Diego"]
[Result "0-1"]
[WhiteElo "1745"]
[BlackElo "1841"]
[PlyCount "120"]
[EventDate "2016.09.23"]
[EventType "swiss"]
[EventRounds "7"]
[EventCountry "COL"]
[SourceTitle "EXT 2018"]
[Source "ChessBase"]
[SourceDate "2017.10.13"]
[SourceVersion "1"]
[SourceVersionDate "2017.10.13"]
[SourceQuality "1"]

1. f4 d5 2. e3 c5 3. d4 Nc6 4. Nf3 Nf6 5. c3 g6 6. Nbd2 Bg7 7. Ne5 Qc7 8. Ndf3 Bf5 9. Be2 0-0 10. 0-0 Rae8 11. Nxc6 Qxc6 12. Ne5 Qc7 13. g4 Bc8 14. Rf2 Ne4 15. Rg2 f6 16. Nd3 e5 17. dxe5 fxe5 18. Nf2 Nxf2 19. Rxf2 d4 20. Qc2 dxe3 21. Bxe3 exf4 22. Bd2 g5 23. Bf3 Bd7 24. Qd3 Rf7 25. h3 Bc6 26. Re1 Rxe1+ 27. Bxe1 Bxf3 28. Rxf3 c4 29. Qd1 Rd7 30. Qe2 Re7 31. Qf1 Qc6 32. Bd2 Qe4 33. Kf2 Rd7 34. Qe2 Qxe2+ 35. Kxe2 Kf7 36. Rf2 Be5 37. h4 h6 38. hxg5 hxg5 39. Kf3 Ke6 40. Rh2 Bg7 41. Re2+ Kf6 42. Be1 Re7 43. Rxe7 Kxe7 44. Bf2 a6 45. Ke4 Ke6 46. Bc5 Be5 47. Bb6 Bf6 48. Bc5 b5 49. Bb6 b4 50. Ba5 bxc3 51. bxc3 Kd6 52. Bb4+ Kc6 53. a4 Kb6 54. Kd5 f3 55. Bc5+ Ka5 56. Kxc4 Kxa4 57. Kd3 Kb3 58. Ke3 Bxc3 59. Kxf3 a5 60. Ke4 a4 0-1

[Event "Ocana op 1st"]
[Site "Ocana"]
[Date "2015.09.27"]
[Round "6"]
[White "Garcia Claro, Kevin David"]
[Black "Afanador Duran, Elias"]
[Result "1-0"]
[WhiteElo "1973"]
[BlackElo "1747"]
[PlyCount "99"]
[EventDate "2015.09.25"]
[EventType "swiss"]
[EventRounds "7"]
[EventCountry "COL"]
[SourceTitle "EXT 2016"]
[Source "ChessBase"]
[SourceDate "2015.10.08"]
[SourceVersion "1"]
[SourceVersionDate "2015.10.08"]
[SourceQuality "1"]

1. c4 e5 2. Nc3 Nf6 3. Nf3 d6 4. d3 h6 5. g3 Be6 6. Bg2 Qd7 7. Nxe5 Qc8 8. Nf3 c6 9. 0-0 Be7 10. b4 Bh3 11. a3 Bxg2 12. Kxg2 Nbd7 13. Bb2 g5 14. Ne4 Rg8 15. Nfd2 Qc7 16. e3 0-0-0 17. Rc1 Nh7 18. Nc3 Ne5 19. Qa4 Kb8 20. Qc2 h5 21. d4 Ng6 22. d5 Qd7 23. dxc6 bxc6 24. Rg1 f5 25. b5 Nf6 26. Qa4 c5 27. Nd5 Nxd5 28. cxd5 f4 29. Qc4 h4 30. Rce1 fxg3 31. hxg3 hxg3 32. fxg3 Rdf8 33. Ref1 Rxf1 34. Rxf1 Bd8 35. a4 Qe8 36. Qe4 Qxe4+ 37. Nxe4 Re8 38. Nxd6 Rxe3 39. Nf7 Kc7 40. Nxd8 Kxd8 41. Bf6+ Kd7 42. Bxg5 Re5 43. Rf7+ Ke8 44. Rxa7 Rxg5 45. b6 Ne5 46. Rc7 Kd8 47. d6 Nd7 48. b7 Nb8 49. Rc8+ Kd7 50. Rxb8 1-0

[Event "Medellin Amateur 17th"]
[Site "Medellin"]
[Date "2010.08.06"]
[Round "5.18"]
[White "Afanador Duran, Elias"]
[Black "Lotero, Juan Camilo"]
[Result "1-0"]
[WhiteElo "1715"]
[BlackElo "1621"]
[PlyCount "33"]
[EventDate "2010.08.04"]
[EventType "swiss"]
[EventRounds "9"]
[EventCountry "COL"]
[SourceTitle "EXT 2024"]
[Source "ChessBase"]
[SourceDate "2023.10.10"]
[SourceVersion "1"]
[SourceVersionDate "2023.10.10"]
[SourceQuality "1"]

1. Nf3 Nf6 2. b3 d5 3. e3 c5 4. Bb5+ Bd7 5. Bxd7+ Nbxd7 6. Bb2 Qc7 7. d4 cxd4 8. exd4 Rc8 9. c3 g5 10. Nbd2 Bh6 11. 0-0 g4 12. Nh4 Qf4 13. Bc1 Rxc3 14. g3 Qc7 15. Nf5 Bg5 16. Qe2 e6 17. Ba3 1-0

[Event "Medellin Amateur 17th"]
[Site "Medellin"]
[Date "2010.08.04"]
[Round "1.15"]
[White "Afanador Duran, Elias"]
[Black "Cuevas Sanchez, Bramdon Daniel"]
[Result "1-0"]
[WhiteElo "1715"]
[BlackElo "1432"]
[PlyCount "82"]
[EventDate "2010.08.04"]
[EventType "swiss"]
[EventRounds "9"]
[EventCountry "COL"]
[SourceTitle "EXT 2024"]
[Source "ChessBase"]
[SourceDate "2023.10.10"]
[SourceVersion "1"]
[SourceVersionDate "2023.10.10"]
[SourceQuality "1"]

1. e4 c6 2. d4 g6 3. Nf3 Bg7 4. Be2 d6 5. 0-0 Bg4 6. h3 Bxf3 7. Bxf3 Nf6 8. Bf4 0-0 9. c4 Qb6 10. b3 Nfd7 11. Be3 c5 12. e5 dxe5 13. dxc5 Qc7 14. Be4 Na6 15. Nc3 Naxc5 16. Nd5 Qd8 17. Bc2 e6 18. Nb4 a5 19. Nd3 Nxd3 20. Qxd3 e4 21. Qd6 Bxa1 22. Rxa1 Nb8 23. Qxd8 Rxd8 24. Bxe4 Nc6 25. Kh2 f5 26. Bf3 Kf7 27. g3 Rd7 28. Bb6 a4 29. Rb1 axb3 30. axb3 Ra2 31. Be3 Nb4 32. Kg1 e5 33. Kf1 e4 34. Be2 Nc2 35. Bf4 Na3 36. Rd1 Rxd1+ 37. Bxd1 Ke6 38. Ke1 Nb1 39. g4 Nc3 40. Bc1 Nxd1 41. Kxd1 Rxf2 1-0